000 00582nam a2200205Ia 4500
005 20250923145252.0
008 008 250917s9999 xx 000 0 eng d
037 _aTextual
040 _aDSWL
_beng
_cDSWL
041 _aeng
_2eng
084 _aY:4371, N73
_qDSWL
100 _aKriesberg L.
_9833522
245 0 _aSociology of Social Conflicts
_cby L. Kriesberg
260 _aNew Jersey
_bPrentice Hall Inc. Englewood Cliffs
_c1973
300 _axiv,300p.
365 _aUSD
_b8.95
925 _g8.95
942 _cTEXL
_hY:4371, N73
999 _c1449239
_d1449239